| 000 | 00720nas a2200253 4500 | ||
|---|---|---|---|
| 001 | BR9501285 | ||
| 003 | BR-BrBNA | ||
| 005 | 20231205094257.0 | ||
| 007 | ta | ||
| 008 | 230509b bl.|||p| |||| 00| 00por d | ||
| 040 |
_aBR-BrBNA _bpor _cBiblioteca Nacional de Agricultura |
||
| 041 | _a(Pt) | ||
| 072 | _aF01 | ||
| 100 | 1 | _aMoraes, C.O.C. | |
| 100 | 1 | _aOliveira, J.C.P. | |
| 100 | 1 | _aOliveira, O.L.P. de | |
| 100 | 1 | _aAcevedo, A.S. | |
| 245 | 1 | _aA importancia do trevo vesiculoso | |
| 650 | _aTrevo Vesiculoso | ||
| 650 | _aPratica Cultural | ||
| 773 | 0 |
_tLavoura (Brazil) _xISSN 0023-9135 _g(Jul-Aug 1993), v. 96(602) p. 20-21 _wBR9501285 |
|
| 909 |
_a202311 _bLúcia _c55 _dLúcia Elande |
||
| 942 |
_2AGRIS _n0 _cANA |
||
| 999 |
_c143278 _d143278 |
||